Eastern Utah Libraries Catalog: Duchesne, Heber, Roosevelt, & Vernal

Sobrevivi el naufragio del Titanic, 1912 / (Record no. 381436)

MARC details
000 -LEADER
fixed length control field 01958nam a2200397 4500
001 - CONTROL NUMBER
control field 2267643
003 - CONTROL NUMBER IDENTIFIER
control field IlCrPQL
005 - DATE AND TIME OF LATEST TRANSACTION
control field 20230223141406.0
008 - FIXED-LENGTH DATA ELEMENTS--GENERAL INFORMATION
fixed length control field 230220s2022 nyua b 000 1 spa
020 ## - INTERNATIONAL STANDARD BOOK NUMBER
International Standard Book Number 1536472379
020 ## - INTERNATIONAL STANDARD BOOK NUMBER
International Standard Book Number 9781338789706
020 ## - INTERNATIONAL STANDARD BOOK NUMBER
International Standard Book Number 9781536472370
040 ## - CATALOGING SOURCE
Transcribing agency IlCrPQL
082 14 - DEWEY DECIMAL CLASSIFICATION NUMBER
Classification number 741.5
Edition number 23
100 1# - MAIN ENTRY--PERSONAL NAME
Personal name Ball, Georgia.
9 (RLIN) 5733991
245 10 - TITLE STATEMENT
Title Sobrevivi el naufragio del Titanic, 1912 /
Statement of responsibility, etc Georgia Ball ; illustrated by Gervasio.
260 ## - PUBLICATION, DISTRIBUTION, ETC. (IMPRINT)
Place of publication, distribution, etc New York, NY :
Name of publisher, distributor, etc Scholastic, Incorporated,
Date of publication, distribution, etc 2022.
300 ## - PHYSICAL DESCRIPTION
Extent 148 p. :
Other physical details col. ill. ;
Dimensions 24 cm
490 1# - SERIES STATEMENT
Series statement I survived ;
Volume number/sequential designation 1
500 ## - GENERAL NOTE
General note "Scholastic en espa ol"--Front cover.
500 ## - GENERAL NOTE
General note Originally published in English as I survived the sinking of the Titanic, 1912 (Graphix Edition).
500 ## - GENERAL NOTE
General note Translation of: I survived the sinking of the Titanic, 1912.
504 ## - BIBLIOGRAPHY, ETC. NOTE
Bibliography, etc Includes bibliographical references.
520 ## - SUMMARY, ETC.
Summary, etc George Calder must be the luckiest kid alive. He and his little sister, Phoebe, are sailing with their aunt on the Titanic, the greatest ship ever built! George can't resist exploring every inch of the incredible boat, even if it gets him into trouble. But one night while George is off exploring, a terrible boom shakes the entire boat. Soon the impossible is happening: The Titanic is sinking. George has always gotten out of trouble before. Can he survive this nightmare?
521 2# - TARGET AUDIENCE NOTE
Target audience note 4567.
521 8# - TARGET AUDIENCE NOTE
Target audience note 320
Source Lexile.
526 8# - STUDY PROGRAM INFORMATION NOTE
Program name Accelerated Reader AR
Interest level MG
Reading level 3.9
Title point value 1.0
Public note 137694.
546 8# - LANGUAGE NOTE
Language note In Spanish
650 #7 - SUBJECT ADDED ENTRY--TOPICAL TERM
Topical term or geographic name as entry element Ocean travel
Source of heading or term sears
Form subdivision Comic books, strips, etc.
9 (RLIN) 6358360
650 #7 - SUBJECT ADDED ENTRY--TOPICAL TERM
Topical term or geographic name as entry element Shipwrecks
Source of heading or term sears
Form subdivision Comic books, strips, etc.
9 (RLIN) 5717669
650 #7 - SUBJECT ADDED ENTRY--TOPICAL TERM
Topical term or geographic name as entry element Survival
Source of heading or term sears
Form subdivision Comic books, strips, etc.
9 (RLIN) 5803428
650 #7 - SUBJECT ADDED ENTRY--TOPICAL TERM
Topical term or geographic name as entry element Titanic (Steamship)
Source of heading or term sears
Form subdivision Comic books, strips, etc.
9 (RLIN) 6462853
700 0# - ADDED ENTRY--PERSONAL NAME
Personal name Gervasio,
Relator term ill.
9 (RLIN) 6358365
800 1# - SERIES ADDED ENTRY--PERSONAL NAME
Personal name Tarshis, Lauren.
Title of a work I survived.
Language of a work Spanish ;
Volume/sequential designation 1.
9 (RLIN) 6400316
852 ## - LOCATION/CALL NUMBER
-- 22.95
Holdings
Withdrawn status Lost status Source of classification or shelving scheme Damaged status Not for loan Collection code Home library Current library Shelving location Date acquired Source of acquisition Serial Enumeration / chronology Total Checkouts Total Renewals Full call number Barcode Date last seen Date checked out Cost, replacement price Price effective from Koha item type
    Dewey Decimal Classification     Spanish Junior Graphic Novels Wasatch County Library Wasatch County Library First Floor 07/18/2023 Rainbow Books I survived #1 4 2 J GN Tarshis 34301002045989 02/14/2026 02/11/2026 22.95 07/18/2023 BOOK
This project was made possible through a grant from the Institute of Museum and Library Service administered by the Utah State Library Division.

Wasatch County Library

  • 465 East 1200 South, Heber City, Utah 84032
  • Phone 435-654-1511 | Fax 435-654-6456

Hours

  • Monday - Friday 9:30 AM - 8:00 PM
  • Saturday 9:30 AM - 1:30 PM
  • Closed Sundays and Holidays